Aku mahu C.K

Bibliographic Details
Main Author: Ain Maisarah
Format: Book
Published: Selangor : Blink book sdn bhd , 2017
Series:Aku Mahu
Subjects:

MARC

LEADER 00000cam a2200000 7i4500
001 0000078355
005 20230125103338.0
008 050218
020 |a 9789670411132 
041 0 |a Bahasa Malayu 
090 0 0 |a JF   |b MAL 
100 1 |a Ain Maisarah 
245 0 0 |a Aku mahu C.K   |c Ain Maisarah 
260 |a Selangor :   |b Blink book sdn bhd ,   |c 2017 
300 |a 200p.g :   |b 19cm 
490 1 |a Aku Mahu 
500 |a 10-12 years old 
541 0 0 |c Purchased on 2017 
650 0 |a Malay fiction 
999 |a 0001500280   |b Book   |c Children Collection   |e Cawangan Sri Merlong 
999 |a 0001500281   |b Book   |c Children Collection   |e Cawangan Pontian 
999 |a 0001500282   |b Book   |c Children Collection   |e Cawangan Bandar Penawar 
999 |a 0001500283   |b Book   |c Children Collection   |e Cawangan Mersing 
999 |a 0001500284   |b Book   |c Adult Collection   |e Cawangan Batu Pahat 
999 |a 0001500285   |b Book   |c Children Collection   |e Cawangan Tmn. Ungku Tun Aminah 
999 |a 0001500286   |b Book   |c Children Collection   |e Cawangan Kota Tinggi 
999 |a 0001500287   |b Book   |c Children Collection   |e Cawangan Tangkak 
999 |a 0001500289   |b Book   |c Children Collection   |e Cawangan Bukit Gambir 
999 |a 0001500290   |b Book   |c Children Collection   |e Cawangan Segamat 
999 |a 0001500291   |b Book   |c Teenagers   |e Cawangan Bandar Tenggara 
999 |a 0001500292   |b Book   |c Children Collection   |e Cawangan Taman Sri Lambak 
999 |a 0001500293   |b Book   |c Children Collection   |e Cawangan Taman Universiti 
999 |a 0001504410   |b Book   |c Children Collection   |e Perbadanan Perpustakaan Awam Johor 
999 |a 0001504411   |b Book   |c Children Collection   |e Cawangan AEON Kulaijaya 
999 |a 0001504412   |b Book   |c Children Collection   |e Cawangan Urban Transformation Centre